Nigéria - africký obor
Nigéria - stručné geografické informácie. História krajiny, obyvateľstvo, hustota obyvateľstva a sídla. Hospodárstvo - podiel jednotlivých odvetví hospodárstva na tvorbe HDP Nigérie. Vývoj zahraničného obchodu Nigérie.
Uložené v:
| Hlavný autor: | |
|---|---|
| Ďalší autori: | |
| Médium: | Kapitola |
| Jazyk: | Slovak |
| Predmet: | |
| Tagy: |
Žiadne tagy, Buďte prvý, kto otaguje tento záznam!
|
MARC
| LEADER | 00000naa a2200000 4500 | ||
|---|---|---|---|
| 001 | 0165798 | ||
| 005 | 20231208110603.7 | ||
| 041 | 0 | |a slo | |
| 044 | |a SK | ||
| 245 | 1 | 0 | |a Nigéria - africký obor |c Katarína Danielová, Veronika Jonisová |
| 520 | |a Nigéria - stručné geografické informácie. História krajiny, obyvateľstvo, hustota obyvateľstva a sídla. Hospodárstvo - podiel jednotlivých odvetví hospodárstva na tvorbe HDP Nigérie. Vývoj zahraničného obchodu Nigérie. | ||
| 610 | 2 | 0 | |a informácie geografické |
| 610 | 2 | 0 | |a Nigéria |
| 610 | 2 | 0 | |a história |
| 610 | 2 | 0 | |a obyvateľstvo |
| 610 | 2 | 0 | |a hospodárstvo národné |
| 100 | 1 | |a Danielová, Katarína | |
| 700 | 1 | |a Jonisová, Veronika | |